| 000 | 00484cam a2200193ua 4500 | ||
|---|---|---|---|
| 020 | _c9.60 | ||
| 041 |
_aeng _h |
||
| 082 |
_a546 _bEME/MO |
||
| 100 | _aEmeleus, H J . | ||
| 245 |
_aModern aspects of inorganic chemistry / _cH J Emeleus. _hTextual Documents |
||
| 250 |
_a3 / _b. |
||
| 260 |
_aLondon : _bEnglish Language Book Society , _c1962. |
||
| 300 | _a611 ; . | ||
| 365 | _a9.60 | ||
| 504 | _a | ||
| 700 | 1 | _aAnderson, J S . | |
| 942 | _cBK | ||
| 999 |
_c9359 _d9359 |
||